| 000 | 00998naa a22002897a 4500 | ||
|---|---|---|---|
| 001 | BR8706733 | ||
| 003 | BR-BrBNA | ||
| 005 | 20240918175855.0 | ||
| 007 | ta | ||
| 008 | 230509b bl.||||| |||| 00| 0 por d | ||
| 040 |
_aBR-BrBNA _bpor _cBiblioteca Nacional de Agricultura |
||
| 041 | _a(Pt) | ||
| 072 |
_aF61; P34 _b1740 |
||
| 090 | _aF61 BR8706733 | ||
| 100 | 1 | _aGomes, J.M. | |
| 245 | 1 | _aAssociacao micorrizica em cebola (Allium cepa L.) | |
| 260 | 3 |
_aVicosa, MG (Brasil): _c1985. |
|
| 500 | _aBustamante, P.G.; Casali, V.W.D. (eds.) Seminarios de olericultura Vicosa, MG (Brasil): 1985. v. 11 p. 64-122 (BR8706733-AM)F61 | ||
| 650 | _aCEBOLA | ||
| 650 | _aMICORRIZA | ||
| 650 | _aFUNGO | ||
| 650 | _aRAIZ | ||
| 650 | _aCRESCIMENTO | ||
| 773 | 0 |
_tSeminarios de olericultura _aBustamante, P.G.; Casali, V.W.D. (eds.)- Universidade Federal de Vicosa, MG (Brasil) _w1740 BR8706730 _gVicosa, MG (Brasil), 1985. _qv. 11 |
|
| 909 |
_a202404 _bLucia _c55 _dLucia Elande |
||
| 942 |
_cAM _2AGRIS |
||
| 999 |
_c318528 _d318528 |
||